000 00931nam0a22002891 4500
001 v19\rc\1691763
005 20061002153952.3
035 _a(NLR Aleph) 004795471
090 _a4773764
_c4773764
100 _a20061002e18971897|||y0rusy50 ca
101 0 _arus
102 _aRU
105 _ay z |||||
200 1 _aВлияние французского кулинарного искусства на русскую кухню
_e[Статья]
_fФ.А. Зеест
210 _aСанкт-Петербург
_cСпб. губ. тип.
_d1897
215 _a32 с.
_d19
311 _aОтд. отт. из "Журн. для всех"
488 0 _12001#$aЖурнал для всех
700 1 _aЗеест
_bФ. А.
801 0 _aRU
_bNLR
_gpsbo
801 0 _aRU
_bRuMoRGB
_2psbo
801 1 _aRU
_bProSoft-M
_2rusmarc
852 _aNLR
_j20.98.5.24
899 _aRuMoRGB
_jG 51/274
899 _aБАН
942 _cBOOK
980 _aNB